LDR 00562naa#a2200169#i#450# 001 EN\INFRA-M\bibl\122357 005 20260701101446.3 011 ## _a2500-333X 100 ## _a20260618b2026####ek#y0engy0150####ca 102 ## _aRU 200 1# _aThe Structure of Law-Application Discretion as a General Theoretical Model of Legal Choice _eJournal article 210 1# _aMoscow _cINFRA-M Academic Publishing LLC. _d2026 215 ## _a8 с. 608 ## _aJournal article _2local 675 ## _aПраво. Юридические науки. 34 _z 700 #1 _aOnosov _gYuriy V. 856 4# _anaukaru.ru _u